|
|
|
|
| LEADER |
00000nab a2200000 a 4500 |
| 001 |
vtls000737572 |
| 003 |
SK-MaSNL |
| 005 |
20260304112703.0 |
| 008 |
250429c2000 xo 0 slo |
| 015 |
|
|
|a SNBRB2000/11-26784
|
| 035 |
|
|
|a CLN000089439
|
| 035 |
|
|
|a urn:nbn:sk:snk-ab31nn
|
| 035 |
|
|
|a (urnnbn)urn:nbn:sk:snk:ar-a04me9
|
| 035 |
|
|
|a (uuid)c6614ba6-988d-47b9-8671-7e10008484d8
|
| 040 |
|
|
|a SNKBUCL
|b slo
|c SNKBUCL
|e AACR2
|
| 041 |
0 |
|
|a slo
|
| 044 |
|
|
|a xo
|c SK
|
| 080 |
|
|
|a 656.025.6(437.6):340.134
|2 1997
|
| 080 |
|
|
|a 340.134
|2 1997
|
| 100 |
1 |
|
|a Hejhalová, Božena
|4 aut
|9 13024
|
| 245 |
1 |
0 |
|a K pripravovanému legislatívnemu zámeru zákona o verejnej hromadnej osobnej doprave
|c Božena Hejhalová
|
| 504 |
|
|
|a Res. angl., nem., slov. v obsahu
|
| 504 |
|
|
|a Bibliogr. odkazy
|
| 650 |
0 |
7 |
|a doprava hromadná verejná
|x zákony
|z Slovensko
|2 snkbucl
|9 1414896
|
| 655 |
|
7 |
|a články z novín a časopisov
|2 snkbucl
|9 267496
|
| 773 |
0 |
|
|t Horizonty dopravy
|g Roč. 8, č. 3 (2000), s. 19-22
|x 1210-0978
|
| 850 |
|
|
|a Slovenská národná knižnica
|
| 852 |
|
|
|a Slovenská národná knižnica
|
| 954 |
|
|
|a odborná, vedecká literatúra pôvodná (slovenská)
|2 lita
|
| 958 |
|
|
|a article27
|
| 958 |
|
|
|a OND
|
| 958 |
|
|
|a SK
|
| 958 |
|
|
|a NB
|
| 958 |
|
|
|a EUIPO
|
| 992 |
|
|
|a RBX
|
| 999 |
|
|
|c 2866735
|d 2868665
|